banner koha

Uso de esterco, fumigante e nematicidas na implantacao de lavoura cafeeira em area infestada por Meloidogyne coffeicola - Resultados preliminares [nematoide] (Registro n. 314144)

MARC details
000 -LÍDER
campo de controle de tamanho fixo 01211naa a22003137a 4500
001 - NÚMERO DE CONTROLE
campo de controle BR8105764
003 - IDENTIFICADOR DO NÚMERO DE CONTROLE
campo de controle BR-BrBNA
005 - DATA E HORÁRIO DA ÚLTIMA TRANSAÇÃO
campo de controle 20240918174856.0
007 - CAMPO FIXO DE DESCRIÇÃO FÍSICA--INFORMAÇÃO GERAL
campo de controle de tamanho fixo ta
008 - CAMPO DE DADOS FIXOS--INFORMAÇÃO GERAL
campo de controle de tamanho fixo 230509b bl.||||| |||| 00| 0 por d
040 ## - FONTE DA CATALOGAÇÃO
Instituição da catalogação original BR-BrBNA
Idioma da catalogação por
Instituição que transcreveu o registro Biblioteca Nacional de Agricultura
041 ## - CÓDIGO DE IDIOMA
Código do idioma do texto/trilha sonora ou título diferente (Pt)
072 ## - CÓDIGO DE CATEGORIA DE ASSUNTO
Código de Categoria de Assunto H20; F25
Código do objeto 2120
-- 4050
-- 3879
090 ## - NÚMERO DE CHAMADA LOCAL
Número de chamada H20 BR8105764
100 1# - ENTRADA PRINCIPAL--NOME PESSOAL
Nome pessoal Jaehn, A.
111 1# - ENTRADA PRINCIPAL--NOME DO EVENTO
Nome do evento ou lugar 9. Congresso Brasileiro de Pesquisas Cafeeiras
Local do evento Sao Lourenco, MG (Brazil)
Data do evento ou assinatura do tratado 27 Oct 1981
245 1# - TÍTULO
Título Uso de esterco, fumigante e nematicidas na implantacao de lavoura cafeeira em area infestada por Meloidogyne coffeicola - Resultados preliminares [nematoide]
260 3# - PUBLICAÇÃO, DISTRIBUIÇÃO, ETC.
Local de publicação, distribuição, etc. Rio de Janeiro, RJ (Brasil):
Data da publicação, distribuição, etc. 1981.
500 ## - NOTA GERAL
Nota geral Resumos do 9. Congresso Brasileiro de Pesquisas Cafeeiras<br/>Rio de Janeiro, RJ (Brasil): 1981. p. 159-161<br/>(BR8105764-AM)H20<br/>
650 ## - ASSUNTO--TERMO TÓPICO
Cabeçalho tópico ou nome geográfico CAFE
650 ## - ASSUNTO--TERMO TÓPICO
Cabeçalho tópico ou nome geográfico NEMATOIDE
650 ## - ASSUNTO--TERMO TÓPICO
Cabeçalho tópico ou nome geográfico ADUBO ORGANICO
650 ## - ASSUNTO--TERMO TÓPICO
Cabeçalho tópico ou nome geográfico NEMATICIDA
650 ## - ASSUNTO--TERMO TÓPICO
Cabeçalho tópico ou nome geográfico ESTERCO
650 ## - ASSUNTO--TERMO TÓPICO
Cabeçalho tópico ou nome geográfico FUMIGACAO
773 0# - ENTRADA ANALÍTICA
Título Resumos do 9. Congresso Brasileiro de Pesquisas Cafeeiras
Número de controle do registro H20 BR8105764
Partes relacionadas Rio de Janeiro, RJ (Brasil), 1981. p. 159-161
909 ## -
-- 202404
-- Lucia
-- 55
-- Lucia Elande
942 ## - ELEMENTOS DE ENTRADA ADICIONADOS (KOHA)
Tipo de material Koha Capítulo-Livro
Fonte da classificação ou esquema de arquivamento na estante Classificação AGRIS
Exemplares
Situação do descarte Fonte da classificação ou esquema de arquivamento na estante Situação física Não pode ser emprestado Coleção Biblioteca de origem Biblioteca atual Localização na estante Total de empréstimos Número de telefone completo Data de último acesso Número do exemplar Tipo de material Koha Situação das perdas Data de aquisição Fonte de aquisição
  Classificação AGRIS       Biblioteca Nacional de Agricultura - Binagri Biblioteca Nacional de Agricultura - Binagri Agrobase - Acervo Geral   7300 BR8501064 20/05/2024 01 Capítulo-Livro   2024-04-11 Portaria Interministerial nº 164/94

BINAGRI

Telefone: (61)3218-2567/2388/3357/2097 - binagri@agro.gov.br

Ministério da Agricultura e Pecuária , Esplanada dos Ministérios, Bloco D, Anexo B, Brasília/DF, CEP: 70.043-900